000 00562nam a2200181 a 4500
001 1760869830240
003 YourLibrary
005 20251023113156.0
008 251019s1990##################000#0#eng##
020 _a9783110113006
082 0 4 _a191
_bBUR
100 1 _aBurkhardt, Armin,
_eauthor.
245 1 0 _aSpeech Acts, Meaning and Intentions :
260 _bGrundlagen der Kommunikation und Kognition / Foundations of Communication and Cognition,
_c1990.
650 0 _aAnalysis (Philosophy).
942 _cENGLISH
040 _aYourLibrary
_beng
_cYourLibrary
999 _c592811
_d592811